| 000 | 00737nam a2200253Ia 4500 | ||
|---|---|---|---|
| 003 | OSt | ||
| 005 | 20221005122356.0 | ||
| 006 | a|||||r|||| 00| 0 | ||
| 007 | ta | ||
| 008 | 221004b |||||||| |||| 00| 0 eng d | ||
| 024 | _a196 | ||
| 037 | _cTextual | ||
| 040 |
_aCRL _cCRL _beng |
||
| 041 |
_2eng _aeng |
||
| 082 | _aV2:25xM89x, J4 | ||
| 110 |
_aMinistry of information and broadcasting government of India (India) _9631868 |
||
| 245 | 0 | _aJawaharlal Nehru's speeches 1949 - 1953 | |
| 260 | _c1954 | ||
| 300 |
_a602p. _ccm. |
||
| 650 | _aHISTORY | ||
| 700 |
_aMinistry of information and broadcasting government of India (India) _9631869 |
||
| 942 |
_hV2:25xM89x, J4 _cTEXL _2cc |
||
| 999 |
_c1044089 _d1044089 |
||